| 000 | 00946cab a2200289 4500 | ||
|---|---|---|---|
| 001 | ABS52132 | ||
| 008 | 090401t1995 xxu||||| |||| 00| 0 eng d | ||
| 035 | _a(Sirsi) u62744 | ||
| 041 | _aeng | ||
| 100 | _aCargill Thompson, J. | ||
| 245 | _aBring me sunshine | ||
| 260 | _c1995 | ||
| 350 | _a0 | ||
| 490 |
_aBuilding _v260(7876) 20 January 1995, 51(1) |
||
| 520 | _aReports on a computer program AutoCad Workstation, which is being used by Watts and Partners, to calculate whether a new development will cut out too much light from neighbouring buildings. | ||
| 650 | _aAUTOCAD WORKSTATION | ||
| 650 | _aBS 8206-2 | ||
| 650 | _aDAYLIGHTING | ||
| 650 | _aDEAKINS V HOOKINGS | ||
| 650 | _aRIGHTS TO LIGHT | ||
| 650 | _aSOFTWARE PACKAGES | ||
| 650 | _aWALDRAM DIAGRAM | ||
| 690 | _aHIGHWAYS RIGHTS OF WAY AND EASEMENTS | ||
| 690 | _aMANAGEMENT-BUSINESS MANAGEMENT-INFORMATION MANAGEMENT | ||
| 942 | _n0 | ||
| 948 | _c04/03/1997 | ||
| 999 |
_c38962 _d38962 |
||